Phát triển chương trình giáo dục
Chương trình giáo dục trong bối cảnh mới. Những vấn đề cơ bản của chương trình giáo dục. Chu trình phát triển chương trình giáo dục. Đánh giá chương trình giáo dục.
Na minha lista:
| Autor principal: | |
|---|---|
| Outros Autores: | |
| Formato: | Livro |
| Idioma: | Vietnamese |
| Publicado em: |
H.
Giáo dục
2015
|
| Assuntos: | |
| Tags: |
Adicionar Tag
Sem tags, seja o primeiro a adicionar uma tag!
|
| Thư viện lưu trữ: | Mạng thư viện Đại học Đà Nẵng |
|---|
| LEADER | 01425nam a2200361 4500 | ||
|---|---|---|---|
| 001 | 000024160 | ||
| 003 | 20639 | ||
| 005 | 20161018101008.0 | ||
| 008 | 161017s2015 viesd | ||
| 020 | |c 50000đ | ||
| 041 | 0 | |a vie | |
| 082 | 1 | 4 | |a 371.102 |b NG-C |
| 100 | 1 | |a Nguyễn Đức Chính | |
| 245 | 1 | 0 | |a Phát triển chương trình giáo dục |c Nguyễn Đức Chính (ch.b), Vũ Lan Hương |
| 260 | |a H. |b Giáo dục |c 2015 | ||
| 300 | |a 280 tr. |b sơ đồ,bảng |c 21 cm. | ||
| 500 | |a Phụ lục: tr. 236-279 | ||
| 504 | |a Thư mục: tr. 234-235 | ||
| 520 | 3 | |a Chương trình giáo dục trong bối cảnh mới. Những vấn đề cơ bản của chương trình giáo dục. Chu trình phát triển chương trình giáo dục. Đánh giá chương trình giáo dục. | |
| 650 | 0 | 4 | |a Giáo dục đại học |x Dạy và học |z Việt Nam |
| 653 | |a Phương pháp giảng dạy | ||
| 653 | |a Giáo dục | ||
| 700 | 1 | |a Vũ Lan Hương | |
| OWN | |a LSP | ||
| AVA | |a UDN50 |b LSP |d 371.102 NG-C |e available |t Error 5001 Not defined in file expand_doc_bib_avail. |f 10 |g 0 |h N |i 1 |k 1 | ||
| 999 | |a From the UDN01 | ||
| AVA | |a UDN50 |b LSP |d 371.102 NG-C |e available |t Error 5001 Not defined in file expand_doc_bib_avail. |f 10 |g 0 |h N |i 1 |k 1 | ||
| TYP | |a Monograph | ||
| TYP | |a Printed language | ||
| 980 | |a Mạng thư viện Đại học Đà Nẵng | ||